مكتبة جامعة عجلون الوطنية

فهرس بحث المكتبة

الركن المادى فى جريمة خيانة الأمانة (Record no. 18405)

MARC details
000 -LEADER
fixed length control field 00763nam a2200205Ii 4500
003 - CONTROL NUMBER IDENTIFIER
control field JO-AjNU
008 - FIXED-LENGTH DATA ELEMENTS--GENERAL INFORMATION
fixed length control field 230605s9999||||xx |||||||||||||| ||und||
017 ## - COPYRIGHT OR LEGAL DEPOSIT NUMBER
Copyright or legal deposit number 1993/10725
020 ## - INTERNATIONAL STANDARD BOOK NUMBER
International Standard Book Number 977-200-070-9
040 ## - CATALOGING SOURCE
Original cataloging agency JO-AjNU
Language of cataloging ara
Description conventions rda
Transcribing agency JO-AjNU
041 ## - LANGUAGE CODE
Language code of text/sound track or separate title ara
050 14 - LIBRARY OF CONGRESS CALL NUMBER
Classification number KRM4234.A22.1994
100 3# - MAIN ENTRY--PERSONAL NAME
Personal name صدقى، عبدالرحيم,
Relator term author
9 (RLIN) 35845
245 00 - TITLE STATEMENT
Title الركن المادى فى جريمة خيانة الأمانة
264 31 - PRODUCTION, PUBLICATION, DISTRIBUTION, MANUFACTURE, AND COPYRIGHT NOTICE
Place of production, publication, distribution, manufacture القاهرة : مكتبة النهضة المصرية ، 1994
300 ## - PHYSICAL DESCRIPTION
Extent 232ص
Other physical details يشتمل على مراجع ببلوغرافية باللغة العربية والفرنسية ص (225-229)
336 ## - CONTENT TYPE
Content type term text
Content type code txt
Source rdacontent
337 ## - MEDIA TYPE
Media type term unmediated
Media type code n
Source rdamedia
338 ## - CARRIER TYPE
Carrier type term volume
Carrier type code nc
Source rdacarrier
Holdings
Withdrawn status Lost status Source of classification or shelving scheme Damaged status Not for loan Home library Current library Shelving location Date acquired Total Checkouts Full call number Barcode Date last seen Price effective from Koha item type
    Library of Congress Classification     مكتبة جامعة عجلون الوطنية مكتبة جامعة عجلون الوطنية المجموعات العامة 06/06/2023   KRM4234.A22.1994 A14837 06/06/2023 06/06/2023 Books